A theological examination of the two-structure theory (Registro nro. 70358)
[ vista simple ]
| 000 -LÍDER | |
|---|---|
| Campo fijo de descripción fija | 01697nab a2200241 i 4500 |
| 001 - NÚMERO DE CONTROL | |
| Campo de control | 768714001 |
| 003 - IDENTIFICADOR DEL NÚMERO DE CONTROL | |
| Campo de control | CO-MdFUSB |
| 005 - FECHA Y HORA DE LA ULTIMA TRANSACCIÓN | |
| control field | 20240627154708.0 |
| 008 - ELEMENTOS DE LONGITUD FIJA -- INFORMACIÓN GENERAL | |
| Campo fijo de descripción fija -- Información general | 240626t1995 us ||||| |||| 00| 0 eng d |
| 040 ## - FUENTE DE CATALOGACIÓN | |
| Idioma de catalogación | spa |
| Agencia que realiza la transcripción | CO-MdFUSB |
| Agencia que realiza la modificación | CO-MdFUSB |
| 041 ## - CÓDIGO DE IDIOMA | |
| Código de idioma para texto/pista de sonido o título separado | eng |
| 100 ## - ASIENTO PRINCIPAL--NOMBRE PERSONAL | |
| Nombre personal | Camp, Bruce K., |
| Término relacionador | autor |
| 245 ## - TÍTULO | |
| Título | A theological examination of the two-structure theory |
| Mención de responsabilidad | / Bruce K. Camp |
| 520 ## - NOTA DE RESUMEN, ETC. | |
| Nota de sumario, etc. | En 1974, Ralph Winter escribió un artículo que cambió el paradigma, “Las dos estructuras de la misión redentora de Dios”, que afectó la forma en que muchos líderes de misiones evangélicas ven el papel de la iglesia local y la agencia misionera en la evangelización mundial. Lo que comenzó como una observación histórica, principalmente, se ha convertido en una doctrina teológica que aboga por la legitimidad teológica de las agencias misioneras. Tomando el documento de Winter como punto de partida para la discusión, este artículo analiza y rechaza la doctrina de las cofradías como una expresión más de la iglesia universal. En lugar de argumentar a favor de la aceptación de agencias misioneras (independientes o demoninacionales) desde una base bíblica, el autor sostiene que las congregaciones deben aceptar y utilizar las agencias de manera pragmática. |
| 546 ## - NOTA DE IDIOMA | |
| Nota de idioma | Texto en inglés. |
| 650 #7 - ASIENTO SECUNDARIO DE MATERIA - TERMINO TEMÁTICO | |
| Término temático o nombre geográfico como elemento de entrada | Hermenéutica |
| 9 (RLIN) | 418 |
| 650 #7 - ASIENTO SECUNDARIO DE MATERIA - TERMINO TEMÁTICO | |
| Término temático o nombre geográfico como elemento de entrada | Iglesia |
| 9 (RLIN) | 655 |
| 650 #0 - ASIENTO SECUNDARIO DE MATERIA - TERMINO TEMÁTICO | |
| Término temático o nombre geográfico como elemento de entrada | Revisionismo (Teología cristiana) |
| 9 (RLIN) | 1207 |
| 650 #7 - ASIENTO SECUNDARIO DE MATERIA - TERMINO TEMÁTICO | |
| Término temático o nombre geográfico como elemento de entrada | Secularización (Teología) |
| 9 (RLIN) | 6926 |
| 773 0# - ASIENTO DE ITEM FUENTE | |
| Biblionumber | 49486 |
| Itemnumber | 82790 |
| Lugar, editorial y fecha de publicación | Pasadena |
| Otro identificador del ítem | R0894 |
| Título | Missiology: |
| Número de control del registro | (CO-MdFUSB)97 |
| Parte(s) relacionada(s) / Volumen., número. (mes año), páginas | Volumen 23, (número 2, 1995) páginas: 197 - 209 |
| Enumeración y primera página | página: 197 |
| 942 ## - TIPO DE MATERIAL (KOHA) | |
| Tipo de Item KOHA | Artículos de Revista |
| 945 ## - INFORMACIÓN LOCAL DEL REGISTRO | |
| Catalogador | Catherine Arias Álvarez - Practicante SENA |
No hay ítems disponibles.
